| 000 | 01222nam a22003497a 4500 | ||
|---|---|---|---|
| 003 | CHAP | ||
| 005 | 20220329140719.0 | ||
| 008 | 971013s1985 r 00010 d | ||
| 010 | _a56429 | ||
| 011 | _a57401 | ||
| 035 | _a61556 | ||
| 040 | _cCHAP | ||
| 090 | _aTesis | ||
| 100 | 0 | 0 |
_aZepeda Rodríguez, José Jaime. _9123939 |
| 245 | _aModelo de programación lineal computarizado para un sistema agroindustrial del trigo en México | ||
| 260 |
_aChapingo, Méx. : _bEl autor, _c1985 |
||
| 300 |
_a90 h. _b; apénd. |
||
| 502 | _aTesis (M.C. Esp. en Economía del Desarrollo Rural) -- UACH. Departamento de Economía Agrícola | ||
| 590 |
_aALEPH _b10 _c20130110 _lUCH01 _h1334 |
||
| 590 |
_aBATCH-UPD _b10 _c20130110 _lUCH01 _h0723 |
||
| 590 |
_aBATCH-UPD _b10 _c20130410 _lUCH01 _h0407 |
||
| 590 |
_aBATCH-UPD _b10 _c20130914 _lUCH01 _h1943 |
||
| 590 |
_aCONVERSION _b10 _c20130109 _lUCH01 _h1330 |
||
| 650 | 1 | 4 |
_aProgramación lineal. _992371 |
| 650 | 1 | 4 |
_aTrigo _xIndustria. _9115042 |
| 650 | 1 | 4 |
_aTrigo _xProductos. _9115083 |
| 650 | 1 | 4 |
_aTrigo _zMéxico. _9115130 |
| 901 | _aBK | ||
| 942 | _cFOLL | ||
| 949 |
_bBC _cTES _d-132195 _eTS1 _h17449 _i61556 _si |
||
| 949 |
_bBC _cTES _d33724000597522 _eTS2 _fc.2 _h17450 _i61556 _sb |
||
| 999 |
_c56429 _d56429 |
||